000 00763nam a2200241 i 4500
001 68318
003 ES-MaACL
005 20230906170245.0
007 t|
008 040617s2004 sp ||||1| spa d
020 _a84-9795-033-X
080 _a821.134.2-2"16"(082.2)
245 0 0 _aAntología de obras cortas dramáticas del barroco /
_cselección, edición, introducción y notas de Javier Vellón.
250 _a1ª ed.
260 _aValencia :
_bBrosquil,
_c2004.
300 _a143 p. ;
_c19 cm.
490 1 _aCol-lección Mojiganga ;
_v1
650 4 _aTeatro español-
_yS.XVII.
_917354
700 1 _aVellón, Javier.
_9113855
830 0 _aCol-lección Mojiganga ;
_v1
_9230937
852 _aES-MaACL
_jL-27948
_bR.133811
999 _c68318
_d68318